000 00863nmm a2200277 a 4500
001 ocm000604866
003 TR-IsHL
005 20201028134611.0
008 131203s2006 tu tur
007 cr cn
020 _a9789753853514
035 _a604866
_b(N$T)
050 0 4 _aPQ1827.A6
_bK5 2006
090 0 4 _aPQ1827.A6
_bK5 2006
100 1 _aMoliere
245 1 0 _aKibarlık budalası
_h[electronic resource] /
_cMoliere ; çev. Tuncay Türk
260 _aİstanbul :
_bOda Yayınları,
_c2006
300 _a94 p.
650 4 _aDil ve Edebiyat
650 4 _aLanguage and Literature
650 0 _aFransız tiyatrosu
650 0 _aFrench theater
650 7 _aLITERARY COLLECTIONS / European / French
_2bisacsh
700 1 _aTürk, Tuncay
856 4 0 _uhttp://search.ebscohost.com/login.aspx?direct=true&scope=site&db=e011xww&AN=604866
999 _c6282
_d6282